Biscuit wins a prize / (Record no. 2317)

MARC details
000 -LEADER
fixed length control field 00933cam a2200301 a 4500
005 - DATE AND TIME OF LATEST TRANSACTION
control field 20250410154140.0
020 ## - INTERNATIONAL STANDARD BOOK NUMBER
International Standard Book Number 0060094559
020 ## - INTERNATIONAL STANDARD BOOK NUMBER
International Standard Book Number 9780060094584
020 ## - INTERNATIONAL STANDARD BOOK NUMBER
International Standard Book Number 0060094575
040 ## - CATALOGING SOURCE
Original cataloging agency DLC
Transcribing agency DLC
Modifying agency DLC
Language of cataloging eng
050 00 - LIBRARY OF CONGRESS CALL NUMBER
Classification number PZ7.C179
Item number Bitc 2004
082 00 - DEWEY DECIMAL CLASSIFICATION NUMBER
Classification number 813.6
Edition number 21
100 1# - MAIN ENTRY--PERSONAL NAME
Personal name Capucilli, Alyssa Satin
Dates associated with a name 1957-
245 10 - TITLE STATEMENT
Title Biscuit wins a prize /
Statement of responsibility, etc. story by Alyssa Satin Capucilli ; pictures by Pat Schories.
260 ## - PUBLICATION, DISTRIBUTION, ETC.
Place of publication, distribution, etc. New York :
Name of publisher, distributor, etc. HarperCollins,
Date of publication, distribution, etc. 2004
300 ## - PHYSICAL DESCRIPTION
Extent 24 pages :
Other physical details Illustrations
Dimensions 22 cm
490 1# - SERIES STATEMENT
Series statement My first I can read book
505 ## - FORMATTED CONTENTS NOTE
Formatted contents note D
520 ## - SUMMARY, ETC.
Summary, etc. Biscuit, a small puppy, gets excited when he is entered in a pet show.
521 ## - TARGET AUDIENCE NOTE
Target audience note 190 <br/>
Source Lexile<br/>
521 ## - TARGET AUDIENCE NOTE
Target audience note D <br/>
Source Raz-Plus<br/>
650 #1 - SUBJECT ADDED ENTRY--TOPICAL TERM
Topical term or geographic name entry element Dogs
Form subdivision Fiction.
650 #1 - SUBJECT ADDED ENTRY--TOPICAL TERM
Topical term or geographic name entry element Pet shows
Form subdivision Fiction.
700 1# - ADDED ENTRY--PERSONAL NAME
Personal name Schories, Pat
Relator term illustrator
906 ## - LOCAL DATA ELEMENT F, LDF (RLIN)
a 7
b cbc
c orignew
d 1
e ecip
f 20
g y-gencatlg
942 ## - ADDED ENTRY ELEMENTS (KOHA)
Source of classification or shelving scheme Dewey Decimal Classification
Koha item type Books
Suppress in OPAC No
999 ## -
-- 2317
-- 2317
Holdings
Withdrawn status Lost status Source of classification or shelving scheme Damaged status Not for loan Collection Home library Current library Shelving location Date acquired Total Checkouts Full call number Barcode Date last seen Date last checked out Price effective from Koha item type Date due Copy number
    Dewey Decimal Classification     Juvenile Fiction Footprints International School Library Network Toul Kork Campus Footprints International School Library Network Toul Kork Campus TK Primary Library Room(4th Floor), Bookcase 7, Shelves 57-60, Dark Green Books 11/16/2023 2 CAP 813.6 PZ7.C179 FISTK01055 06/10/2025 03/14/2025 11/16/2023 Books    
    Dewey Decimal Classification     Juvenile Fiction Footprints International School Library Network Toul Tom Poung Campus Footprints International School Library Network Toul Tom Poung Campus TTP Primary Green Bookshelves 03/31/2025 3 CAP 813.6 PZ7.C179 2025-0894 08/14/2025 08/14/2025 03/31/2025 Books 08/28/2025 2